000 01645nam a2200445 c 4500
001 44596
003 ES-MaCES
005 20150929124736.0
008 140505s2013 sp || | 000 | spa d
017 _aM 1151-2013
_bDL
020 _a9788461624379
040 _aES-MaCES
_bspa
_cES-MaCES
245 0 0 _aDesapalancamiento y crecimiento en España
_b: prioridades y estrategias sectoriales en el camino hacia una economía equilibrada
_cdir., Domingo J. García Coto ; realizado en col. BME, Bolsas Mercados Españoles
260 _a[Madrid]
_bFundación de Estudios Financieros
_c[2013]
300 _a290 p.
_bgráf. col.
_c28 cm
490 1 _aPapeles de la Fundación
_v47
504 _aBibliografía y resumen: p. 9-30
541 _cGratuito
650 4 _acrisis económica
_927102
650 4 _aconsecuencias económicas
_927082
650 4 _adeuda
_928111
650 4 _aendeudamiento
_928115
650 4 _afinanciación
_928125
650 4 _aadministración financiera
_927208
650 4 _aahorro
_928137
650 4 _acapital
_928127
650 4 _acrecimiento económico
_927094
650 4 _afamilia
_927318
650 4 _asector público
_927150
650 4 _aEspaña
_926964
653 1 0 _aEconomía
650 4 _930601
_aestrategia empresarial
650 4 _930761
_asector financiero
700 1 _aGarcía Coto, Domingo J.
_edir.
_912827
710 2 _aBolsas y Mercados Españoles
_ecol.
_934896
710 2 _aFundación de Estudios Financieros (Madrid)
_eed.
_93793
830 0 _aPapeles de la Fundación (Fundación de Estudios Financieros (Madrid))
_v47
_934050
902 _aLIB Libro
942 _2CES
_cBK
_h0.0.
999 _c44596
_d44596